Ways to repackage cashflow (Record no. 71554)

MARC details
000 -LEADER
fixed length control field 00802cam a2200205 4500
001 - CONTROL NUMBER
control field ABS66187
008 - FIXED-LENGTH DATA ELEMENTS--GENERAL INFORMATION
fixed length control field 021113n2002 000 0 eng u
035 ## - SYSTEM CONTROL NUMBER
System control number (Sirsi) u120438
100 ## - MAIN ENTRY--PERSONAL NAME
Personal name Lowe, R.
245 ## - TITLE STATEMENT
Title Ways to repackage cashflow
260 ## - PUBLICATION, DISTRIBUTION, ETC.
Date of publication, distribution, etc. 2002
490 ## - SERIES STATEMENT
Series statement Estates Gazette
Volume/sequential designation (0244) 2 November 2002, 161(1)
520 ## - SUMMARY, ETC.
Summary, etc. Reports on European Group of Valuer's Associations (TEGoVA) measures to improve valuers' understanding of the securitisation process. These include the publication of a new guidance note in the European Valuation Standards and a one day conference dedicated to the subject.
590 ## - LOCAL NOTE (RLIN)
Local note ABS
650 ## - SUBJECT ADDED ENTRY--TOPICAL TERM
Topical term or geographic name entry element EUROPEAN VALUATION STANDARDS
650 ## - SUBJECT ADDED ENTRY--TOPICAL TERM
Topical term or geographic name entry element SECURITISATION
650 ## - SUBJECT ADDED ENTRY--TOPICAL TERM
Topical term or geographic name entry element INVESTORS
690 ## - LOCAL SUBJECT ADDED ENTRY--TOPICAL TERM (OCLC, RLIN)
Topical term or geographic name as entry element PROPERTY-PROPERTY APPRAISAL AND VALUATION
942 ## - ADDED ENTRY ELEMENTS (KOHA)
Suppress in OPAC 0
Holdings
Withdrawn status Lost status Source of classification or shelving scheme Damaged status Not for loan Home library Current library Shelving location Date acquired Total Checkouts Full call number Barcode Date last seen Copy number Price effective from Koha item type
    Dewey Decimal Classification     London London Journal article 13/11/2002   ABS66187 120438-1001 06/08/2019 1 06/08/2019 Journal article